MDQL
is popping MORE tags! Check the
thread
!
Quizzes
Events
Quiz Creation
Community
Videos
Private Events
Remove Ads
Sign In
Join for FREE
Feedback
Dark Mode
Quiz Categories
Sports
Geography
Music
Movies
Television
Just For Fun
Miscellaneous
History
Literature
Language
Science
Gaming
Entertainment
Religion
Holiday
For Kids
Quiz Lab
Recent
Popular Today
Quiz Kudos Today
Editor Picks
Curator Picks
Quizzes by...
Day
Popularity
Type
Ratings
Length
Year
Community
Subscriptions
Recent Discussions
Orange Saloon
Badges
Playlists
Quests
Create
Leaderboards
Showdown
Live 5
Trivia Bingo
Activity
Puzzle Library
Sporcle Events
Private Events
Virtual Trivia
Globe League
Become a Host
Pub Owners
SporcleCon
Opinionation
Our Games
Videos
Blog
Mobile Apps
Partnerships
Remove Ads and Go Orange
Feedback
Sports
Athletes
MLB
NBA
NHL
NFL
Soccer
Sports Teams
WWE
NCAA
Football
Premier League
Basketball
Baseball
Hockey
Golf
Tennis
Cricket
Rugby
Auto Racing
Olympics
World Cup
Sports
Athletes
MLB
NBA
NHL
NFL
Soccer
Sports Teams
WWE
NCAA
Football
Premier League
Basketball
Baseball
Hockey
Golf
Tennis
Cricket
Rugby
Auto Racing
Olympics
World Cup
Random Quiz
Search Sporcle
×
Quiz Lab
Quiz Lab
Sports
Logo
Type in answers that appear in a list
Type in answers that appear in a list
Classic
Best Score? Go Orange.
NFL Team by Logo Stats
Can you name the NFL Team by Logo?
By
mwelch13
2m
32 Questions
12.4K Plays
12,411 Plays
12,411 Plays
Comments
Comments
Give Quiz Kudos
Give Quiz Kudos
-
- Ratings
hide this ad
More Info
Forced Order
Answers have to be entered in order
Answers have to be entered in order
Replay
Link that replays current quiz
Next Quiz
Link to next quiz in quiz playlist
You Got
0%
They Got
Avg Score
88%
Avg Friend Score
Upgrade to see
Score Distribution
Jump to the score distribution portion of the page
Score
0/32
Timer
02:00
0
Plays Today
Number
Team
% Correct
1
Buffalo Bills
97.6%
5
Dallas Cowboys
96.8%
9
Miami Dolphins
96.4%
2
Baltimore Ravens
96.3%
11
Indianapolis Colts
95.1%
8
Arizona Cardinals
95%
7
Atlanta Falcons
94.4%
13
New York Giants
94.4%
6
Chicago Bears
94%
4
Denver Broncos
93.7%
12
Kansas City Chiefs
92.7%
15
Carolina Panthers
92.7%
3
Houston Texans
92.6%
10
Cincinnati Bengals
92.2%
14
Detroit Lions
91.5%
17
New England Patriots
91.5%
Number
Team
% Correct
16
San Francisco 49ers
91.3%
19
Jacksonville Jaguars
88%
22
Green Bay Packers
87.7%
20
Oakland Raiders
87.5%
21
Philadelphia Eagles
86.9%
23
New Orleans Saints
86.7%
25
New York Jets
85.4%
18
Cleveland Browns
85%
26
Pittsburgh Steelers
83.9%
24
Seattle Seahawks
82.3%
27
Tennessee Titans
81.8%
28
San Diego Chargers
79.3%
29
Washington Redskins
78.2%
30
Minnesota Vikings
76.5%
31
Tampa Bay Buccaneers
71.9%
32
St. Louis Rams
70.4%
Quiz Playlist
Details
Report
Send in Message
Add To Playlist
More Info:
("http://thefantomzone.files.wordpress.com/2009/10/cropped-nfl-collage-011.jpg")
Classic:
Type in answers that appear in a list
Forced Order:
Answers have to be entered in order
Last Updated: Feb 16, 2017
Quiz Scoreboard
CHALLENGE
Sign Up to Join the Scoreboard
Show All
Scores
Hide
Comments
May contain spoilers
Recently Published
5x2 Blitz: Bands
by SL_Kpop136
Music
30s
Colored Red Africa Blitz
by spor1
Geography
30s
Find the 'City' Movie
by crazypaving
Movies
60s
More to Explore
Quiz From the Vault
Featured Blog Post
14 Easter Pick-up Lines to Find Eggs With
hide this ad
You Might Also Like...
Tags
Logo Quiz
NFL Quiz
Numbers Quiz
team
Today's Top Quizzes in Sports
Browse Sports
hide this ad
Today's Top Quizzes in Logo
Browse Logo
Top Contributed Quizzes in Sports
1
Players with Multiple 50 Home Run Seasons
2
Les entraîneurs de l'OM et du PSG au 21e siècle
3
Criteria MLB: Left Handed Sluggers
4
2022 World Cup Stars
5
Les meilleurs buteurs des matchs entre le PSG et l’OM
6
Who Hit More Homers?
7
Les joueurs passés par le PSG et l'OM
8
NBA Logic Puzzle 2.0
9
Top 10 NHL Goal Scorers of All Time
10
MLB Players with Two .350 Batting Average Seasons
Explore More
Trending Topics
Kpop
Crossword
Marvel
NBA
Disney
Harry Potter
Anime
Soccer
Pokémon
The Office
Country
Song
NFL
WWE
Puzzle
hide this ad
More By:
mwelch13
Quiz
Plays
Rating
Category
Featured
Created
Pro Sports Teams Ending in -ERS
357,583
4.29
Sports
Oct 11, 2009
Celebrities in Family Guy
159,664
4.09
Television
Sep 28, 2010
Smallest Countries (A-Z)
99,017
4.69
Geography
Sep 25, 2009
Name the U.S. Sports Team (Pictures)
12,923
2.94
Sports
Sep 27, 2010
MLB Teams by Cap Insignia (easy)
3,227
3.88
Sports
Jan 2, 2010
Go to Creator's Profile
Score Distribution
Quiz Creator Spotlight
mwelch13
Follow
Send a Message
Quizzes Created
-
Created Quiz Play Count
-
More By This Creator
Popular Quizzes Today
1
Colored Red Africa Blitz
2
Find the 'City' Movie
3
Find the US States - No Outlines Minefield
4
5x2 Blitz: Bands
5
The Countries of the World
6
Find the US States
7
US States
8
9x9 Crossword: Cartoon Network
More Sports Quizzes
NFL Team Season Stat Leaders, 2000-2022
Quiz Lab
Trending Quizzes
Colored Red Europe Blitz I
Colored Red Europe Blitz II
Colored Red Africa Blitz II
Colored Red Europe Blitz III
Colored Red Africa Blitz III
Recently Updated
How Do You Spell That?
pecheneg
Godzilla Movies
pecheneg
Grab Bag: 4-10 Letters
pecheneg
2024 March Madness Bracket
pecheneg
Famous TV Couples
Peacemaker
Champions League XIs: Real Madrid
pecheneg
Largest US Cities 1790-2010
pecheneg
Rides in Walt Disney World
pecheneg
Most Oscar Losses (Acting)
pecheneg
Beyoncé Albums
pecheneg
Trending Topics
NBA
Harry Potter
Disney
Marvel
Crossword
Anime
Kpop
Song
Soccer
Country
The Office
Pokémon
Puzzle
NFL
WWE
Your Account Isn't Verified!
In order to create a playlist on Sporcle, you need to verify the email address you used during registration. Go to your
Sporcle Settings
to finish the process.
Report this User
Report this user for behavior that violates our
Community Guidelines
.
Details:
Send Report
Go to the Sporcle.com Mobile Site →
Comments